Biggest cities in Denmark - Statistics

General Stats
  • This quiz has been taken 21 times
  • The average score is 7 of 10
Answer Stats
Hint Answer % Correct
285.273 Aarhus
100%
1.336.928 Copenhagen
100%
119.862 Aalborg
94%
180.863 Odense
83%
71.698 Esbjerg
67%
51.916 Roskilde
56%
62.802 Randers
50%
61.074 Horsens
44%
60.231 Vejle
44%
61.638 Kolding
39%
No matching quizzes found
Score Distribution
Percent of People with Each Score
Percentile by Number Answered
Your Score History
You have not taken this quiz